India Development and Participation/ (Record no. 202873)
[ view plain ]
| 000 -LEADER | |
|---|---|
| fixed length control field | 00621 a2200193 4500 |
| 005 - DATE AND TIME OF LATEST TRANSACTION | |
| control field | 20240516105423.0 |
| 010 ## - LCCN (DPL NO) | |
| LC control number | B-759050 |
| 020 ## - INTERNATIONAL STANDARD BOOK NUMBER | |
| International Standard Book Number | 0195658752 |
| Terms of availability | 395.00 |
| 035 ## - SYSTEM CONTROL NUMBER | |
| System control number | B-759050 |
| 037 ## - SOURCE OF ACQUISITION | |
| Source of stock number/acquisition | Gift/Unesco |
| 082 ## - DEWEY DECIMAL CLASSIFICATION NUMBER | |
| Classification number | 338.954 |
| 100 ## - MAIN ENTRY--PERSONAL NAME | |
| Personal name | Dreze, Jean |
| 245 ## - TITLE STATEMENT | |
| Title | India Development and Participation/ |
| Statement of responsibility, etc | Jean Dreze and Amartya Sen |
| 260 ## - PUBLICATION, DISTRIBUTION, ETC. (IMPRINT) | |
| Place of publication, distribution, etc | New Delhi |
| Name of publisher, distributor, etc | Oxford University Press |
| Date of publication, distribution, etc | 2002 |
| 270 ## - ADDRESS | |
| Address | YMCA Library Building Jai Singh Road |
| City | New Delhi |
| Postal code | 110001 |
| 300 ## - PHYSICAL DESCRIPTION | |
| Extent | 511 p. |
| Dimensions | 22cm (Hb) |
| 942 ## - ADDED ENTRY ELEMENTS (KOHA) | |
| Institution code [OBSOLETE] | dpl |
| Item type | English Books |
| Source of classification or shelving scheme | Dewey Decimal Classification |
| Classification part | 338.954 |
| Call number suffix | DRE |
| Withdrawn status | Lost status | Not for loan | Collection code | Home library | Current library | Date acquired | Source of acquisition | Cost, normal purchase price | Full call number | Barcode | Copy number | Cost, replacement price | Koha item type | Public note |
|---|---|---|---|---|---|---|---|---|---|---|---|---|---|---|
| Non-fiction | Ashok Vihar | Ashok Vihar | 15/05/2024 | Gift/10.5.24 | 395.00 | 338.954 DRE | B-759050 | 1 | 395.00 | English Books | Gift |
